000 00683nab a22001697 4500
003 ES-SlBCS
005 20210525214602.0
008 210525s2020 sp ||||| |||| 00| 0 spa d
040 _aES-SlBCS
_bspa
041 _aspa
100 1 _aSouza dos Santos, Elias
_9415532
245 1 0 _aEducación musical escolar en Portugal: la disciplina Canto Coral en la Primera República (1910-1926)
_cElias Souza dos Santos, Margarida Louro Felgueiras, Cristiano de Jesus Ferronato
700 1 _9213928
_aLouro Felgueiras, Margarida
700 1 _aFerronato, Cristiano de Jesus
_9415533
773 0 _gVol. 39, 2020, págs. 357-372
_tHistoria de la Educación
_wRev223
_x0212-0267
942 _2lcc
_cAR
999 _c868256
_d868256